[Event "EU-ch (Women) 24th"]
[Site "Rhodes"]
[Date "2024.04.28"]
[Round "9"]
[White "Alexandri, Dimitra"]
[Black "Dereka, Konstantina"]
[Result "1-0"]
[WhiteElo "1979"]
[BlackElo "1821"]
[PlyCount "55"]
[EventDate "2024.04.19"]
[EventType "swiss"]
[EventRounds "10"]
[EventCountry "GRE"]
[SourceTitle "CB18_2024"]
[SourceDate "2024.05.01"]
[SourceVersion "1"]
[SourceVersionDate "2024.05.01"]
[SourceQuality "2"]

1. e4 e6 2. d4 d5 3. Nc3 dxe4 4. Nxe4 Nf6 5. Nxf6+ Qxf6 6. Nf3 Qd8 7. Be3 Be7 8. Bd3 Nd7 9. 0-0 0-0 10. c3 Nf6 11. Ne5 Nd5 12. Bc1 c5 13. Bc2 cxd4 14. Qxd4 Nf6 15. Qh4 g6 16. Bg5 Nd5 17. Nf3 f6 18. Bh6 Rf7 19. Bd2 Qb6 20. Bb3 a5 21. Bxd5 exd5 22. Qd4 Qxb2 23. Qxd5 Bg4 24. Rab1 Bxf3 25. Qxf7+ Kxf7 26. Rxb2 Bc6 27. c4 Rd8 28. Bxa5 1-0

[Event "EU-ch (Women) 24th"]
[Site "Rhodes"]
[Date "2024.04.26"]
[Round "7"]
[White "Dereka, Konstantina"]
[Black "Dakic, Marta"]
[Result "1/2-1/2"]
[WhiteElo "1821"]
[BlackElo "1957"]
[PlyCount "62"]
[EventDate "2024.04.19"]
[EventType "swiss"]
[EventRounds "10"]
[EventCountry "GRE"]
[SourceTitle "CB18_2024"]
[SourceDate "2024.05.01"]
[SourceVersion "1"]
[SourceVersionDate "2024.05.01"]
[SourceQuality "2"]

1. d4 Nf6 2. c4 e6 3. Nc3 Bb4 4. Bd2 c5 5. Nf3 0-0 6. a3 Bxc3 7. Bxc3 Ne4 8. Rc1 b6 9. g3 Bb7 10. Bg2 Nxc3 11. Rxc3 Qe7 12. 0-0 d6 13. Re1 Be4 14. d5 e5 15. Bf1 Nd7 16. Nd2 Bg6 17. e4 f5 18. exf5 Bxf5 19. Bg2 Rf6 20. Ne4 Rg6 21. b4 cxb4 22. axb4 Rf8 23. Qb3 Nf6 24. c5 Nxe4 25. Bxe4 Bxe4 26. Rxe4 Qf7 27. Re2 Rf6 28. Qa2 bxc5 29. bxc5 dxc5 30. Rxc5 e4 31. Rc6 Rxc6 1/2-1/2

[Event "EU-ch (Women) 24th"]
[Site "Rhodes"]
[Date "2024.04.25"]
[Round "6"]
[White "Korinioti, Mirto"]
[Black "Dereka, Konstantina"]
[Result "0-1"]
[WhiteElo "1457"]
[BlackElo "1821"]
[PlyCount "71"]
[EventDate "2024.04.19"]
[EventType "swiss"]
[EventRounds "10"]
[EventCountry "GRE"]
[SourceTitle "CB18_2024"]
[SourceDate "2024.05.01"]
[SourceVersion "1"]
[SourceVersionDate "2024.05.01"]
[SourceQuality "2"]

1. e4 c5 2. Nf3 e6 3. c3 d5 4. e5 Nc6 5. d4 Nge7 6. a3 Nf5 7. b4 cxd4 8. cxd4 Qb6 9. Bb2 Be7 10. Be2 0-0 11. 0-0 Bd7 12. Qd3 Rac8 13. Nbd2 a6 14. Nb3 Na7 15. Rac1 Bb5 16. Qd2 Rfd8 17. Rfd1 Ba4 18. Qd3 a5 19. Rxc8 Rxc8 20. Ra1 axb4 21. axb4 Qxb4 22. Ba3 Qxb3 23. Qxb3 Bxb3 24. Bxe7 Nxe7 25. Rxa7 Rc1+ 26. Bf1 g6 27. Rxb7 Bc4 28. Nd2 Nc6 29. Nxc4 dxc4 30. Rd7 Rd1 31. f3 c3 32. Rc7 Nxd4 33. Rxc3 Ne2+ 34. Kf2 Nxc3 35. Bc4 Rd2+ 36. Kg3 0-1

[Event "EU-ch (Women) 24th"]
[Site "Rhodes"]
[Date "2024.04.21"]
[Round "3"]
[White "Dereka, Konstantina"]
[Black "Harmsen, Jessica MM"]
[Result "1/2-1/2"]
[WhiteElo "1821"]
[BlackElo "2102"]
[PlyCount "84"]
[EventDate "2024.04.19"]
[EventType "swiss"]
[EventRounds "10"]
[EventCountry "GRE"]
[SourceTitle "CB18_2024"]
[SourceDate "2024.05.01"]
[SourceVersion "1"]
[SourceVersionDate "2024.05.01"]
[SourceQuality "2"]

1. d4 f5 2. g3 g6 3. Bg2 Nf6 4. Nf3 Bg7 5. 0-0 0-0 6. c4 d6 7. Nc3 Qe8 8. Qc2 e5 9. dxe5 dxe5 10. b3 e4 11. Nd4 Ng4 12. Rd1 c6 13. h3 Ne5 14. Bb2 Qe7 15. Qc1 Re8 16. Ba3 Qf6 17. Na4 Nbd7 18. c5 Nf8 19. Nc2 Be6 20. Rd6 Rad8 21. Bb2 Rxd6 22. cxd6 Nfd7 23. Ne3 Qf8 24. Nc5 Nxc5 25. Qxc5 b6 26. Qa3 a5 27. Rc1 c5 28. Rd1 Rd8 29. Qa4 Rxd6 30. Rxd6 Qxd6 31. Qe8+ Bf8 32. Bxe5 Qxe5 33. Nc4 Qa1+ 34. Bf1 Bxc4 35. bxc4 Qf6 36. e3 h6 37. Kg2 Kh7 38. Qd7+ Bg7 39. Qd2 h5 40. Be2 h4 41. g4 Qb2 42. Qxb2 Bxb2 1/2-1/2

[Event "GRE-chT 50th"]
[Site "Nikaia"]
[Date "2023.08.28"]
[Round "5.6"]
[White "Dereka, Konstantina"]
[Black "Koutsouraki, Ariadni"]
[Result "1-0"]
[WhiteElo "1610"]
[BlackElo "1556"]
[PlyCount "59"]
[EventDate "2023.08.25"]
[EventType "team"]
[EventRounds "9"]
[EventCountry "GRE"]
[SourceTitle "EXT 2024"]
[Source "ChessBase"]
[SourceDate "2023.10.10"]
[SourceVersion "1"]
[SourceVersionDate "2023.10.10"]
[SourceQuality "1"]
[WhiteTeam "Amo Galaxias"]
[BlackTeam "Thessaloniki Aris"]
[WhiteTeamCountry "GRE"]
[BlackTeamCountry "GRE"]

1. d4 d5 2. c4 dxc4 3. e3 Nf6 4. Bxc4 e6 5. Nf3 a6 6. Nc3 b5 7. Bd3 Bb7 8. 0-0 c5 9. Qe2 Nbd7 10. Rd1 Be7 11. dxc5 Bxc5 12. b3 0-0 13. Bb2 Qb6 14. Rac1 Rac8 15. Bb1 Rfd8 16. h3 h6 17. Nd2 Qa7 18. Nde4 Nxe4 19. Nxe4 Bxe4 20. Bxe4 f5 21. Bf3 Qb6 22. b4 Qa7 23. bxc5 Nf8 24. c6 Qc7 25. Qc2 Rxd1+ 26. Rxd1 Rb8 27. Qc3 b4 28. Qe5 Qxe5 29. Bxe5 Rc8 30. c7 1-0

[Event "GRE-chT 50th"]
[Site "Nikaia"]
[Date "2023.08.26"]
[Round "2.6"]
[White "Dereka, Konstantina"]
[Black "Tsampouli, Vasiliki"]
[Result "1-0"]
[WhiteElo "1610"]
[BlackElo "1557"]
[PlyCount "43"]
[EventDate "2023.08.25"]
[EventType "team"]
[EventRounds "9"]
[EventCountry "GRE"]
[SourceTitle "EXT 2024"]
[Source "ChessBase"]
[SourceDate "2023.10.10"]
[SourceVersion "1"]
[SourceVersionDate "2023.10.10"]
[SourceQuality "1"]
[WhiteTeam "Amo Galaxias"]
[BlackTeam "Kalamarias"]
[WhiteTeamCountry "GRE"]
[BlackTeamCountry "GRE"]

1. d4 d5 2. c4 dxc4 3. e3 Nf6 4. Bxc4 e6 5. Nf3 c5 6. Nc3 a6 7. 0-0 b5 8. Bd3 Bb7 9. a3 Nbd7 10. Qe2 cxd4 11. Nxd4 Be7 12. Rd1 Qb6 13. Bc2 0-0 14. e4 g6 15. Be3 Qc7 16. Rac1 Rfd8 17. Bb1 Qa5 18. Nb3 Qc7 19. Nd5 Nxd5 20. Rxc7 Nxc7 21. Na5 Rab8 22. Ba7 1-0

[Event "Aegean op 46th"]
[Site "Aghios Kirykos"]
[Date "2023.07.10"]
[Round "2"]
[White "Sarandos, Vasilios"]
[Black "Dereka, Konstantina"]
[Result "1-0"]
[WhiteElo "2111"]
[BlackElo "1544"]
[PlyCount "25"]
[EventDate "2023.07.09"]
[EventType "swiss"]
[EventRounds "9"]
[EventCountry "GRE"]
[SourceTitle "CBM 215 Extra"]
[Source "ChessBase"]
[SourceDate "2023.09.30"]
[SourceVersion "1"]
[SourceVersionDate "2023.09.30"]
[SourceQuality "1"]

1. d4 d5 2. c4 c6 3. Nf3 Nf6 4. e3 Bf5 5. Nc3 e6 6. Nh4 Bg4 7. Qb3 Qb6 8. h3 Bh5 9. g4 Bg6 10. Nxg6 hxg6 11. Bg2 Be7 12. g5 dxc4 13. Qxb6 1-0

[Event "GRE-chT 49th"]
[Site "Thessaloniki"]
[Date "2022.08.14"]
[Round "4.5"]
[White "Dereka, Konstantina"]
[Black "Koutsouraki, Ariadni"]
[Result "1/2-1/2"]
[WhiteElo "1459"]
[BlackElo "1451"]
[PlyCount "64"]
[EventDate "2022.08.12"]
[EventType "team-swiss"]
[EventRounds "7"]
[EventCountry "GRE"]
[SourceTitle "CBM 209 Extra"]
[Source "ChessBase"]
[SourceDate "2022.09.30"]
[SourceVersion "1"]
[SourceVersionDate "2022.09.30"]
[SourceQuality "1"]
[WhiteTeam "Amo Galaxias"]
[BlackTeam "Thessaloniki Aris"]
[WhiteTeamCountry "GRE"]
[BlackTeamCountry "GRE"]

1. d4 d5 2. c4 e6 3. Nc3 Be7 4. Nf3 Nf6 5. Bg5 h6 6. Bh4 dxc4 7. e3 c5 8. Bxc4 cxd4 9. Nxd4 Bd7 10. 0-0 Nc6 11. Nf3 0-0 12. Qe2 Nh5 13. Bxe7 Qxe7 14. Rfd1 Rfd8 15. Rd2 Be8 16. Rad1 Rxd2 17. Rxd2 Rd8 18. Qd1 Rxd2 19. Qxd2 Qc5 20. Bd3 Nf6 21. h3 Nb4 22. Bb1 Nbd5 23. Ne4 Nxe4 24. Bxe4 Qc4 25. Bxd5 Qxd5 26. Qxd5 exd5 27. Nd4 Kf8 28. Kf1 Bd7 29. Ke2 Ke7 30. Kd3 Kd6 31. b4 a6 32. a3 Ke5 1/2-1/2

[Event "Thessaloniki op-B 1st"]
[Site "Thessaloniki"]
[Date "2022.08.08"]
[Round "7"]
[White "Dereka, Konstantina"]
[Black "Hidzos, Georgios"]
[Result "0-1"]
[WhiteElo "1459"]
[BlackElo "1762"]
[PlyCount "72"]
[EventDate "2022.08.03"]
[EventType "swiss"]
[EventRounds "9"]
[EventCountry "GRE"]
[SourceTitle "EXT 2024"]
[Source "ChessBase"]
[SourceDate "2023.10.10"]
[SourceVersion "1"]
[SourceVersionDate "2023.10.10"]
[SourceQuality "1"]

1. d4 Nf6 2. c4 e6 3. Nc3 Bb4 4. e3 c5 5. Nge2 cxd4 6. Qxd4 0-0 7. a3 Nc6 8. Qd1 Be7 9. Nf4 b6 10. Be2 Ne5 11. 0-0 Bb7 12. b3 a6 13. Bb2 Qc7 14. Rc1 Rac8 15. Nd3 Ng6 16. Bf3 Nh4 17. Bxb7 Qxb7 18. f3 b5 19. cxb5 axb5 20. Kh1 d5 21. Re1 Rfd8 22. Qe2 Nf5 23. Nf4 b4 24. Qb5 Qxb5 25. Nxb5 bxa3 26. Rxc8 Rxc8 27. Nxa3 Bb4 28. Re2 Bxa3 29. Bxa3 Rc3 30. e4 Rxb3 31. Bc5 Rb1+ 32. Bg1 dxe4 33. fxe4 Nd4 34. Rd2 e5 35. Nd3 Nxe4 36. Ra2 f6 0-1

[Event "EU-chT U18 Girls"]
[Site "Thessaloniki"]
[Date "2022.07.16"]
[Round "5.1"]
[White "Dereka, Konstantina"]
[Black "Alexandri, Dimitra"]
[Result "0-1"]
[WhiteElo "1451"]
[BlackElo "1683"]
[PlyCount "62"]
[EventDate "2022.07.12"]
[EventType "team-swiss"]
[EventRounds "7"]
[EventCountry "GRE"]
[SourceTitle "EXT 2023"]
[Source "ChessBase"]
[SourceDate "2022.10.05"]
[SourceVersion "1"]
[SourceVersionDate "2022.10.05"]
[SourceQuality "1"]
[WhiteTeam "Greece Galaxias U18"]
[BlackTeam "Greece Galaxias U18"]
[WhiteTeamCountry "GRE"]
[BlackTeamCountry "GRE"]

1. d4 Nf6 2. c4 g6 3. Nc3 Bg7 4. e4 d6 5. h3 0-0 6. Nf3 e5 7. d5 a5 8. g4 Na6 9. Be3 Nd7 10. Be2 Ndc5 11. Qd2 Bd7 12. 0-0-0 a4 13. Rdg1 c6 14. h4 cxd5 15. exd5 Qa5 16. Qd1 a3 17. Kb1 axb2 18. Qc2 Nb4 19. Qxb2 e4 20. Nd4 Na4 21. Nxa4 Qxa4 22. Qb3 Qxa2+ 23. Qxa2 Rxa2 24. Bd1 Rfa8 25. Bb3 R2a3 26. Kb2 Nd3+ 27. Kc2 Ba4 28. Bxa4 R8xa4 29. Nb5 Rxc4+ 30. Kd2 Ra2+ 31. Kd1 Rb4 0-1

[Event "EU-chT U18 Girls"]
[Site "Thessaloniki"]
[Date "2022.07.13"]
[Round "2.1"]
[White "Dereka, Konstantina"]
[Black "Ziegenfuss, Antonia"]
[Result "0-1"]
[WhiteElo "1451"]
[BlackElo "2170"]
[PlyCount "68"]
[EventDate "2022.07.12"]
[EventType "team-swiss"]
[EventRounds "7"]
[EventCountry "GRE"]
[SourceTitle "EXT 2023"]
[Source "ChessBase"]
[SourceDate "2022.10.05"]
[SourceVersion "1"]
[SourceVersionDate "2022.10.05"]
[SourceQuality "1"]
[WhiteTeam "Greece Galaxias U18"]
[BlackTeam "Germany U18"]
[WhiteTeamCountry "GRE"]
[BlackTeamCountry "GER"]

1. d4 d5 2. c4 e6 3. Nc3 Nf6 4. Nf3 Be7 5. Bg5 h6 6. Bh4 0-0 7. e3 b6 8. cxd5 Nxd5 9. Bxe7 Qxe7 10. Nxd5 exd5 11. Qb3 Be6 12. Be2 c5 13. 0-0 Nd7 14. Rac1 Rfc8 15. Rfd1 a5 16. a4 g6 17. h3 c4 18. Qa2 Qb4 19. Rc3 b5 20. axb5 Nb6 21. Ra3 Bd7 22. Ne5 Bxb5 23. Qb1 c3 24. Bd3 Bxd3 25. Qxd3 c2 26. Rc1 Qxb2 27. Raa1 Rc3 28. Qd2 Nc4 29. Nxc4 Rxc4 30. Kh2 a4 31. f3 a3 32. e4 dxe4 33. fxe4 a2 34. d5 Rac8 0-1

[Event "GRE-chT U16"]
[Site "Thessaloniki"]
[Date "2021.12.19"]
[Round "6.5"]
[White "Terzidi, Natalia"]
[Black "Dereka, Konstantina"]
[Result "1/2-1/2"]
[WhiteElo "1133"]
[BlackElo "1515"]
[PlyCount "68"]
[EventDate "2021.12.16"]
[EventType "team-swiss"]
[EventRounds "6"]
[EventCountry "GRE"]
[SourceTitle "CBM 205 Extra"]
[Source "ChessBase"]
[SourceDate "2022.01.31"]
[SourceVersion "1"]
[SourceVersionDate "2022.01.31"]
[SourceQuality "1"]
[WhiteTeam "Thessaloniki ES"]
[BlackTeam "Galaxias"]
[WhiteTeamCountry "GRE"]
[BlackTeamCountry "GRE"]

1. e4 Nf6 2. Nc3 d5 3. exd5 Nxd5 4. Nxd5 Qxd5 5. d4 Nc6 6. Be3 e5 7. dxe5 Qxe5 8. c3 Bc5 9. Nf3 Qe7 10. Qd2 0-0 11. Be2 Rd8 12. Bxc5 Qxc5 13. Qe3 Qxe3 14. fxe3 Bg4 15. Rd1 Re8 16. Kf2 Re7 17. h3 Be6 18. b3 a5 19. Nd4 Bd7 20. Bf3 Nd8 21. Rd2 c5 22. Nc2 Nc6 23. Rhd1 Be8 24. Rd5 b6 25. Rd6 Rc7 26. a3 Rb8 27. a4 g6 28. Na3 Ne5 29. Rd8 Rxd8 30. Rxd8 Re7 31. Ke2 Kg7 32. Rb8 c4 33. bxc4 Bxa4 34. Rxb6 Rc7 1/2-1/2

[Event "GRE-chT U16"]
[Site "Thessaloniki"]
[Date "2021.12.18"]
[Round "4.5"]
[White "Dereka, Konstantina"]
[Black "Kiousi, Panagiota"]
[Result "0-1"]
[WhiteElo "1515"]
[BlackElo "2023"]
[PlyCount "58"]
[EventDate "2021.12.16"]
[EventType "team-swiss"]
[EventRounds "6"]
[EventCountry "GRE"]
[SourceTitle "CBM 205 Extra"]
[Source "ChessBase"]
[SourceDate "2022.01.31"]
[SourceVersion "1"]
[SourceVersionDate "2022.01.31"]
[SourceQuality "1"]
[WhiteTeam "Galaxias"]
[BlackTeam "Nikaia Fysiolatris"]
[WhiteTeamCountry "GRE"]
[BlackTeamCountry "GRE"]

1. e4 e5 2. Nf3 Nc6 3. Bb5 Nf6 4. 0-0 Nxe4 5. Re1 Nd6 6. Bxc6 dxc6 7. Nxe5 Be7 8. d4 0-0 9. Bf4 Nf5 10. c3 Be6 11. Nd2 c5 12. dxc5 Bxc5 13. Ne4 Qxd1 14. Raxd1 Be7 15. Nd7 Rfd8 16. Ndc5 Rxd1 17. Rxd1 Bxa2 18. Nxb7 Rb8 19. Nec5 Nd6 20. Nxd6 cxd6 21. b4 g5 22. Bg3 f5 23. Ra1 Bc4 24. Rxa7 Re8 25. f4 dxc5 26. fxg5 cxb4 27. cxb4 Bxb4 28. Ra4 Bc5+ 29. Bf2 Re1# 0-1

[Event "GRE-chT U16"]
[Site "Thessaloniki"]
[Date "2021.12.18"]
[Round "5.5"]
[White "Vardaka, Sofia"]
[Black "Dereka, Konstantina"]
[Result "1/2-1/2"]
[WhiteElo "1318"]
[BlackElo "1515"]
[PlyCount "94"]
[EventDate "2021.12.16"]
[EventType "team-swiss"]
[EventRounds "6"]
[EventCountry "GRE"]
[SourceTitle "CBM 205 Extra"]
[Source "ChessBase"]
[SourceDate "2022.01.31"]
[SourceVersion "1"]
[SourceVersionDate "2022.01.31"]
[SourceQuality "1"]
[WhiteTeam "Katerinis"]
[BlackTeam "Galaxias"]
[WhiteTeamCountry "GRE"]
[BlackTeamCountry "GRE"]

1. d4 Nf6 2. Bf4 g6 3. Nc3 d5 4. e3 Bg7 5. Bd3 0-0 6. h4 h5 7. Nf3 c5 8. Ne5 cxd4 9. exd4 Qb6 10. Nf3 Nc6 11. Na4 Qa5+ 12. c3 Bg4 13. 0-0 Ne4 14. Qc2 Rac8 15. Qb3 Rfe8 16. Bxe4 dxe4 17. Ng5 Qf5 18. Be3 Be2 19. Rfe1 Na5 20. Qc2 Bd3 21. Qc1 b6 22. b3 e5 23. d5 Red8 24. Qb2 Rxd5 25. Bxb6 axb6 26. Nxb6 Rdd8 27. Nxc8 Rxc8 28. Qa3 Nc6 29. b4 Qg4 30. Qb3 Rc7 31. Qd5 Qxh4 32. Nxe4 Bxe4 33. Rxe4 Qd8 34. Qb3 Kh7 35. Rd1 Qa8 36. Rc4 Qb8 37. Rd6 Na7 38. Rxc7 Qxc7 39. Ra6 Nb5 40. c4 Nd4 41. Qd3 e4 42. Qxe4 Qxc4 43. Qb7 Qc1+ 44. Kh2 Qf4+ 45. Kg1 Ne2+ 46. Kf1 Ng3+ 47. Kg1 Ne2+ 1/2-1/2

[Event "GRE-chT U16"]
[Site "Thessaloniki"]
[Date "2021.12.17"]
[Round "3.5"]
[White "Dereka, Konstantina"]
[Black "Apostolakaki, Evangelia"]
[Result "0-1"]
[WhiteElo "1515"]
[BlackElo "1626"]
[PlyCount "60"]
[EventDate "2021.12.16"]
[EventType "team-swiss"]
[EventRounds "6"]
[EventCountry "GRE"]
[SourceTitle "CBM 205 Extra"]
[Source "ChessBase"]
[SourceDate "2022.01.31"]
[SourceVersion "1"]
[SourceVersionDate "2022.01.31"]
[SourceQuality "1"]
[WhiteTeam "Galaxias"]
[BlackTeam "Kavalas"]
[WhiteTeamCountry "GRE"]
[BlackTeamCountry "GRE"]

1. d4 Nf6 2. c4 e6 3. Nc3 Bb4 4. Qc2 0-0 5. e4 d5 6. e5 Ne4 7. Bd3 c5 8. Nge2 cxd4 9. Nxd4 Nd7 10. Bf4 Ndc5 11. a3 Bxc3+ 12. bxc3 Bd7 13. a4 Qa5 14. Bxe4 Nxe4 15. Ne2 Rac8 16. cxd5 exd5 17. 0-0 Nxc3 18. Qb2 Nxe2+ 19. Qxe2 Rc4 20. Bd2 Qd8 21. Rfb1 Bc6 22. e6 Re4 23. exf7+ Rxf7 24. Qd3 Bxa4 25. Be3 a6 26. Bb6 Qd7 27. Rc1 Bc6 28. Qg3 d4 29. Bc5 Rf6 30. Re1 Rfe6 0-1

[Event "GRE-chT U16"]
[Site "Thessaloniki"]
[Date "2021.12.16"]
[Round "1.5"]
[White "Dereka, Konstantina"]
[Black "Alexandri, Dimitra"]
[Result "0-1"]
[WhiteElo "1515"]
[BlackElo "1507"]
[PlyCount "64"]
[EventDate "2021.12.16"]
[EventType "team-swiss"]
[EventRounds "6"]
[EventCountry "GRE"]
[SourceTitle "CBM 205 Extra"]
[Source "ChessBase"]
[SourceDate "2022.01.31"]
[SourceVersion "1"]
[SourceVersionDate "2022.01.31"]
[SourceQuality "1"]
[WhiteTeam "Galaxias"]
[BlackTeam "Neapolis Sykeon"]
[WhiteTeamCountry "GRE"]
[BlackTeamCountry "GRE"]

1. d4 Nf6 2. c4 g6 3. Nc3 Bg7 4. e4 d6 5. f3 0-0 6. Be3 Nfd7 7. Qd2 c5 8. d5 a6 9. g4 Ne5 10. h3 f5 11. f4 Nf7 12. gxf5 gxf5 13. Nge2 fxe4 14. Nxe4 b5 15. N2g3 b4 16. Nh5 Nh8 17. Nxg7 Kxg7 18. Rg1+ Ng6 19. h4 Bf5 20. Ng3 Bg4 21. Be2 Bxe2 22. Qxe2 Kh8 23. Qg4 Qd7 24. Qg5 Rg8 25. Ne4 Qh3 26. Bf2 Qf3 27. f5 Qxe4+ 28. Be3 Qxh4+ 29. Kd2 Qxg5 30. Bxg5 Ne5 31. Bxe7 Rxg1 32. Bf6+ Rg7 0-1

[Event "EU-ch Hybrid U16 Girls"]
[Site "Tornelo INT"]
[Date "2021.10.15"]
[Round "2"]
[White "Dereka, Konstantina"]
[Black "Bashylina, Luisa"]
[Result "0-1"]
[WhiteElo "1479"]
[BlackElo "2127"]
[PlyCount "126"]
[EventDate "2021.10.15"]
[EventType "swiss"]
[EventRounds "9"]
[EventCountry "NET"]
[SourceTitle "EXT 2023"]
[Source "ChessBase"]
[SourceDate "2022.10.05"]
[SourceVersion "1"]
[SourceVersionDate "2022.10.05"]
[SourceQuality "1"]
[WhiteTeam "Greece"]
[BlackTeam "Germany"]
[WhiteTeamCountry "GRE"]
[BlackTeamCountry "GER"]

1. d4 Nf6 2. c4 g6 3. Nc3 d5 4. cxd5 Nxd5 5. e4 Nxc3 6. bxc3 Bg7 7. Bc4 c5 8. Ne2 Nc6 9. Be3 0-0 10. Rc1 cxd4 11. cxd4 Qa5+ 12. Kf1 Rd8 13. h4 Qa3 14. Rc3 Qd6 15. Rd3 Na5 16. Bf4 Qd7 17. Bd5 e6 18. Bb3 Nxb3 19. axb3 b6 20. h5 Ba6 21. Rd2 Qc6 22. e5 Qe4 23. Be3 Bb7 24. Rh2 Rac8 25. Ng3 Qd5 26. hxg6 fxg6 27. Kg1 Rc3 28. Ne2 Rc7 29. Nf4 Qd7 30. Qb1 Rdc8 31. Ra2 Be4 32. Qa1 Bf5 33. f3 a5 34. g4 Bc2 35. Qb2 Qc6 36. Rf2 Bd1 37. Kg2 g5 38. Nh5 Rf8 39. Nf6+ Bxf6 40. exf6 Qd5 41. Ra1 Bxb3 42. Bxg5 Qxg5 43. Qxb3 Qxf6 44. Qxb6 Rc3 45. Raf1 a4 46. Qb4 Rd3 47. Qxa4 Rxd4 48. Qa7 Rf4 49. Rh1 Qg6 50. Qe3 R8f7 51. Re1 R7f6 52. Kg3 Qg5 53. Qe5 Qg6 54. Qh5 Qxh5 55. gxh5 R4f5 56. Kg4 Kf7 57. Rc1 Rf4+ 58. Kg3 Kg7 59. Re1 R4f5 60. Kg4 Kh6 61. Rxe6 Rg5+ 62. Kh4 Rxe6 63. f4 Rxh5+ 0-1

[Event "EU-ch Hybrid U16 Girls"]
[Site "Tornelo INT"]
[Date "2021.10.15"]
[Round "3"]
[White "Volovich, Julia"]
[Black "Dereka, Konstantina"]
[Result "0-1"]
[WhiteElo "1742"]
[BlackElo "1479"]
[PlyCount "52"]
[EventDate "2021.10.15"]
[EventType "swiss"]
[EventRounds "9"]
[EventCountry "NET"]
[SourceTitle "EXT 2023"]
[Source "ChessBase"]
[SourceDate "2022.10.05"]
[SourceVersion "1"]
[SourceVersionDate "2022.10.05"]
[SourceQuality "1"]
[WhiteTeam "England"]
[BlackTeam "Greece"]
[WhiteTeamCountry "ENG"]
[BlackTeamCountry "GRE"]

1. d4 d6 2. c4 e5 3. e3 c6 4. Nc3 Nd7 5. Bd3 Ngf6 6. Nge2 Be7 7. 0-0 0-0 8. Rb1 a5 9. a3 Nb6 10. b4 axb4 11. axb4 Be6 12. c5 Nbd5 13. dxe5 dxe5 14. e4 Nc7 15. f4 exf4 16. Bxf4 Na6 17. Qc2 Nxb4 18. Rxb4 Bxc5+ 19. Kh1 Bxb4 20. Bg5 Be7 21. e5 Nd5 22. Bxh7+ Kh8 23. Bxe7 Qxe7 24. Ne4 Ne3 25. Qd3 Nxf1 26. Qf3 Qh4 0-1

[Event "EU-ch Hybrid U16 Girls"]
[Site "Tornelo INT"]
[Date "2021.10.15"]
[Round "1"]
[White "Zabrzanska, Weronika"]
[Black "Dereka, Konstantina"]
[Result "1/2-1/2"]
[WhiteElo "1892"]
[BlackElo "1479"]
[PlyCount "173"]
[EventDate "2021.10.15"]
[EventType "swiss"]
[EventRounds "9"]
[EventCountry "NET"]
[SourceTitle "EXT 2023"]
[Source "ChessBase"]
[SourceDate "2022.10.05"]
[SourceVersion "1"]
[SourceVersionDate "2022.10.05"]
[SourceQuality "1"]
[WhiteTeam "Poland"]
[BlackTeam "Greece"]
[WhiteTeamCountry "POL"]
[BlackTeamCountry "GRE"]

1. e4 c5 2. c3 d5 3. exd5 Qxd5 4. d4 Nf6 5. Nf3 e6 6. Be2 cxd4 7. cxd4 Be7 8. Nc3 Qd6 9. 0-0 Nc6 10. Bg5 0-0 11. Qd2 Nd5 12. Ne4 Qd8 13. Rad1 b6 14. a3 Bb7 15. Bd3 Rc8 16. Bb1 Ba6 17. Rfe1 Na5 18. Ba2 Bc4 19. b4 Bxa2 20. Qxa2 Bxg5 21. Nfxg5 Nc4 22. Rc1 Nd6 23. Rxc8 Nxc8 24. Qc2 g6 25. Qc6 h6 26. Nf3 Nce7 27. Qc1 Kg7 28. Ne5 Nf5 29. Qb2 Nde7 30. Rd1 Nd5 31. Rc1 Qa8 32. b5 h5 33. Nc6 a6 34. a4 Rc8 35. Nc3 Nfe7 36. Nxd5 Nxd5 37. Qe2 Qb8 38. f3 Qf4 39. Re1 axb5 40. axb5 Kg8 41. Qe4 Qd2 42. g3 Qb2 43. Qe5 Qc2 44. Qe4 Qb2 45. Qe5 Qc2 46. Qd6 Qc3 47. Qe5 Qxf3 48. Rf1 Qa3 49. Qe2 Qd6 50. g4 hxg4 51. Qxg4 Ne3 52. Qh4 Rxc6 53. bxc6 Nxf1 54. Kxf1 Qxc6 55. Qf4 Qb7 56. Ke2 Qa6+ 57. Kd2 Qa5+ 58. Kc1 Qa1+ 59. Kc2 Qa8 60. h4 Qc6+ 61. Kd2 Qg2+ 62. Kc3 Qb7 63. h5 Qc6+ 64. Kb4 Qd5 65. h6 Qa5+ 66. Kc4 b5+ 67. Kb3 Qa4+ 68. Kb2 Qb4+ 69. Ka2 Qf8 70. Kb3 Kh7 71. Kc3 Qc8+ 72. Kb4 Qd7 73. Ka5 f5 74. Qh4 Qe8 75. Qf4 Qd8+ 76. Kxb5 g5 77. Qh2 Qd5+ 78. Ka6 Qc4+ 79. Kb7 Qd5+ 80. Kc7 Qxd4 81. Qh5 Qc5+ 82. Kd7 Qd5+ 83. Ke7 Qc5+ 84. Kxe6 Qc6+ 85. Kxf5 Qxh6 86. Qxg5 Qxg5+ 87. Kxg5 1/2-1/2

[Event "EU-ch Hybrid U16 Girls"]
[Site "Tornelo INT"]
[Date "2021.10.15"]
[Round "8"]
[White "Zrmanovska, Mihaela"]
[Black "Dereka, Konstantina"]
[Result "0-1"]
[WhiteElo "1321"]
[BlackElo "1479"]
[PlyCount "58"]
[EventDate "2021.10.15"]
[EventType "swiss"]
[EventRounds "9"]
[EventCountry "NET"]
[SourceTitle "EXT 2023"]
[Source "ChessBase"]
[SourceDate "2022.10.05"]
[SourceVersion "1"]
[SourceVersionDate "2022.10.05"]
[SourceQuality "1"]
[WhiteTeam "Macedonia"]
[BlackTeam "Greece"]
[WhiteTeamCountry "MKD"]
[BlackTeamCountry "GRE"]

1. e4 c5 2. Nf3 e6 3. d4 cxd4 4. Nxd4 Nf6 5. Nc3 d6 6. Be3 a6 7. Be2 Be7 8. 0-0 0-0 9. Qe1 b5 10. a3 Bb7 11. Bd3 Nbd7 12. f4 Nc5 13. Bd2 Nxd3 14. cxd3 d5 15. Nf3 dxe4 16. dxe4 Bc5+ 17. Kh1 Qe7 18. Be3 Ng4 19. Bxc5 Qxc5 20. Rc1 Qa7 21. Nd2 f5 22. Qe2 Rf6 23. h3 Rd8 24. e5 Rh6 25. Nf3 Rd4 26. Nxd4 Rxh3+ 27. Kg1 Qxd4+ 28. Rf2 Nxf2 29. Qxf2 Rh1+ 0-1